01291nam a2200337Ia 4500001001200000003000800012006001900020007001500039008004100054010001700095015001500112020001500127020002200142020002200164040002100186035002100207050002300228245016000251250001200411260004300423300001500466504005100481533015200532650003100684650001900715655002900734700001800763700002900781710001700810856012600827ebr10135719CaPaEBRm u cr cn|||||||||030108s2003 nyu sb 001 0 eng d z 2003041306 aGBA3-59203 z1403979545 z1403962197 (hbk.) z1403962200 (pbk.) aCaPaEBRcCaPaEBR a(OCoLC)56021302514aHM708b.G45 2003eb00aGenerating social capitalh[electronic resource] :bcivil society and institutions in comparative perspective /cedited by Marc Hooghe and Dietlind Stolle. a1st ed. aNew York :bPalgrave Macmillan,c2003. avi, 256 p. aIncludes bibliographical references and index. aElectronic reproduction.bPalo Alto, Calif. :cebrary,d2009.nAvailable via World Wide Web.nAccess may be limited to ebrary affiliated libraries. 0aSocial capital (Sociology) 0aCivil society. 7aElectronic books.2local1 aHooghe, Marc.1 aStolle, Dietlind,d1967-2 aebrary, Inc.40uhttp://site.ebrary.com/lib/rucke/Doc?id=10135719zAn electronic book accessible through the World Wide Web; click to view